| 000 | 00632nam a2200277 a 4500 | ||
|---|---|---|---|
| 999 |
_c172886 _d172886 |
||
| 005 | 20190603044754.0 | ||
| 008 | 190601b my ||||| |||| 00| 0 eng d | ||
| 020 | _a0706417313 | ||
| 040 |
_aPPAK _cPPAK |
||
| 082 |
_a770 _221 |
||
| 090 |
_a770 _bBUS _dR |
||
| 100 | _aBusselle, Michael | ||
| 245 | _aBasic photography | ||
| 260 | _aLondon | ||
| 260 | _bOctopus | ||
| 260 | _c1982 | ||
| 300 | _a80p. | ||
| 300 | _bill. | ||
| 300 | _c31cm. | ||
| 336 |
_2rdacontent _atext |
||
| 337 |
_2rdamedia _aunmediated |
||
| 338 |
_2rdacarrier _avolume |
||
| 500 | _aincludes index | ||
| 650 | _aPhotography | ||
| 942 |
_2ddc _cB |
||